| 000 | 02908cam a2200529 a 4500 | ||
|---|---|---|---|
| 003 | CHAP | ||
| 005 | 20220329142428.0 | ||
| 007 | z | ||
| 008 | 010124s2000 mx 00010 spa d | ||
| 010 | _a83296 | ||
| 011 | _a84268 | ||
| 020 | _a9688424455 | ||
| 035 | _a94787 | ||
| 040 | _cCHAP | ||
| 082 |
_a342.72 _bM49 |
||
| 110 | 1 |
_aMéxico. Cámara de Diputados. LVII Legislatura del Congreso de la Unión _976881 |
|
| 245 | 1 | 0 |
_aDerechos del pueblo mexicano : _bMéxico a través de sus constituciones _cpor Cámara de Diputados |
| 260 |
_aMéxico, D,.F. : _bCámara de Diputados, _c2000. |
||
| 300 | _a15v. | ||
| 500 | _aContenido : v.1 Artículos 1o.-4o., v.2 Artículos 5o.-11., v.3 Artículos 12-23, v.4 Artículos 24-27, v.5 Artículos 28-36, v.6 Artículos 37-53, v.7 Artículos 54-72, v.8 Artículos 73-81, v.9 Artículos 82-94, v.10 Artículos 95-110, v.11 Artículos 111-122, v.12 Artículos 123-136, v.13 Reformas constitucionales durante la LVI Legislatura, v.14 Reformas constitucionales durante la LVII Legislatura, v. 15 Reformas constitucionales durante la LVII Legislatura. | ||
| 590 |
_aBATCH-UPD _b10 _c20130110 _lUCH01 _h0928 |
||
| 590 |
_aBATCH-UPD _b10 _c20130410 _lUCH01 _h0548 |
||
| 590 |
_aBATCH-UPD _b10 _c20130914 _lUCH01 _h1142 |
||
| 590 |
_aCONVERSION _b10 _c20130109 _lUCH01 _h1346 |
||
| 650 | 0 | 4 |
_aDerecho constitucional _xMéxico. _931886 |
| 650 | 0 | 4 |
_aGobierno federal _zMéxico. _948409 |
| 650 | 0 | 4 |
_aLegislación administrativa _xMéxico. _965653 |
| 650 | 0 | 4 |
_aMéxico _xConstitución. _976735 |
| 901 | _aBK | ||
| 905 | _aEdna Luz | ||
| 942 | _cLIBRO | ||
| 949 |
_a342.72 M49 _bBC _cLIBRO _d33724'000809737 _eLIBRO _f2000 v.3 _h99483 _i94787 _st |
||
| 949 |
_a342.72 M49 _bBC _cLIBRO _d33724000809497 _eLIBRO _f2000 v.4 _h99484 _i94787 _si |
||
| 949 |
_a342.72 M49 _bBC _cLIBRO _d33724000809554 _eLIBRO _f2000 v.7 _h99487 _i94787 _si |
||
| 949 |
_a342.72 M49 _bBC _cLIBRO _d33724000809612 _eLIBRO _f2000 v.6 _h99486 _i94787 _si |
||
| 949 |
_a342.72 M49 _bBC _cLIBRO _d33724000809679 _eLIBRO _f2000 v.5 _h99485 _i94787 _si |
||
| 949 |
_a342.72 M49 _bBC _cLIBRO _d33724000809794 _eLIBRO _f2000 v.2 _h99482 _i94787 _si |
||
| 949 |
_a342.72 M49 _bBC _cLIBRO _d33724000809851 _eLIBRO _f2000 v.1 _h99481 _i94787 _si |
||
| 949 |
_a342.72 M49 _bBC _cLIBRO _d33724000815882 _eLIBRO _f2000 v.8 _h99488 _i94787 _si |
||
| 949 |
_a342.72 M49 _bBC _cLIBRO _d33724000815940 _eLIBRO _f2000 v.9 _h99489 _i94787 _si |
||
| 949 |
_a342.72 M49 _bBC _cLIBRO _d33724000816062 _eLIBRO _f2000 v.11 _h99491 _i94787 _si |
||
| 949 |
_a342.72 M49 _bBC _cLIBRO _d33724000816120 _eLIBRO _f2000 v.12 _h99492 _i94787 _si |
||
| 949 |
_a342.72 M49 _bBC _cLIBRO _d33724000816427 _eLIBRO _f2000 v.15 _h99495 _i94787 _si |
||
| 949 |
_a342.72 M49 _bBC _cLIBRO _d33724000816484 _eLIBRO _f2000 v.14 _h99494 _i94787 _si |
||
| 949 |
_a342.72 M49 _bBC _cLIBRO _d33724000816542 _eLIBRO _f2000 v.13 _h99493 _i94787 _si |
||
| 949 |
_a342.72 M49 _bBC _cLIBRO _d3372400816005 _eLIBRO _f2000 v.10 _h99490 _i94787 _si |
||
| 999 |
_c83296 _d83296 |
||